[Event "C.to Mondiale U14"]
[Site "Kallithea GRE"]
[Date "2003.10.27"]
[Round "5"]
[White "Khairullin, Ildar"]
[Black "Ronchetti, Niccolo'"]
[Result "1-0"]
[WhiteElo "2455"]
[BlackElo "2201"]
[PlyCount "67"]
[EventDate "2003.10.23"]

1. e4 c5 2. c3 d5 3. exd5 Qxd5 4. d4 Nf6 5. Nf3 Bg4 6. dxc5 Qxd1+ 7. Kxd1 e5 8.
b4 e4 9. h3 Bh5 10. g4 Nxg4 11. hxg4 Bxg4 12. Nbd2 Nc6 13. Rh4 h5 14. Rxg4 hxg4
15. Nd4 e3 16. Nc4 exf2 17. Nxc6 bxc6 18. Ke2 g6 19. Bg2 O-O-O 20. Bg5 Re8+ 21.
Kxf2 Re6 22. Rd1 Bg7 23. Bf4 Bf8 24. Na5 Bh6 25. Bxh6 Rxh6 26. Nxc6 a6 27. Rd8+
Kc7 28. Rf8 Rh7 29. Nd4 Re7 30. Ra8 f5 31. Rxa6 f4 32. Nb5+ Kc8 33. c6 g3+ 34.
Kf1 1-0

[Event "C.to Mondiale U14"]
[Site "Kallithea GRE"]
[Date "2003.10.30"]
[Round "8"]
[White "Ronchetti, Niccolo'"]
[Black "Leon Hoyos, Manuel"]
[Result "1/2-1/2"]
[WhiteElo "2201"]
[BlackElo "2303"]
[PlyCount "97"]
[EventDate "2003.10.23"]

1. e4 c5 2. Nf3 g6 3. d4 Bg7 4. c4 Qa5+ 5. Nc3 Nc6 6. d5 Nd4 7. Bd2 d6 8. Nxd4
cxd4 9. Nb5 Qb6 10. b4 a6 11. c5 Qd8 12. Na3 Nf6 13. Qa4+ Kf8 14. Bd3 e6 15.
dxe6 Bxe6 16. cxd6 Ne8 17. b5 axb5 18. Qb4 Ra4 19. Qc5 Qxd6 20. Qxd6+ Nxd6 21.
Nxb5 Bc4 22. Bxc4 Nxc4 23. a3 d3 24. Rb1 Bf6 25. Rb3 Kg7 26. Rxd3 Nxd2 27. Kxd2
Bg5+ 28. Ke2 Rxe4+ 29. Kf3 Rf4+ 30. Kg3 h5 31. f3 h4+ 32. Kh3 Re8 33. Rd7 Re3
34. Rhd1 Bf6 35. R1d3 Rxd3 36. Rxd3 Be5 37. Rd7 b6 38. Rb7 g5 39. Nc7 Ra4 40.
Nd5 Rxa3 41. Rxb6 f5 42. Re6 Bb8 43. Re8 Ba7 44. Re7+ Kg6 45. Re6+ Kg7 46. Re7+
Kh6 47. Re6+ Kg7 48. Re7+ Kg6 49. Re6+ 1/2-1/2

[Event "C.to Mondiale U14"]
[Site "Kallithea GRE"]
[Date "2003.10.31"]
[Round "9"]
[White "Gupta, Abhijeet"]
[Black "Ronchetti, Niccolo'"]
[Result "1-0"]
[WhiteElo "2294"]
[BlackElo "2201"]
[PlyCount "75"]
[EventDate "2003.10.23"]

1. d4 Nf6 2. c4 e6 3. Nf3 c5 4. d5 b5 5. Bg5 Qa5+ 6. Nbd2 Ne4 7. b4 Qxb4 8. Rb1
Qc3 9. Rb3 Qa5 10. Rxb5 Qc3 11. Rb3 Qa5 12. Bf4 Na6 13. Qb1 Nxd2 14. Nxd2 d6
15. dxe6 Bxe6 16. g3 Rc8 17. Bg2 Be7 18. Rb7 Nb4 19. O-O Qa6 20. Ne4 Rd8 21.
Rd1 Bxc4 22. Rxe7+ Kxe7 23. Bxd6+ Rxd6 24. Nxd6 Be6 25. Nf5+ Kf6 26. Qb2+ Kxf5
27. g4+ Kg6 28. Qe5 Re8 29. Be4+ f5 30. Rd6 Qxd6 31. Bxf5+ Kf7 32. Qxd6 Bxa2
33. Qxc5 g6 34. Bc8 Bd5 35. Qxa7+ Kg8 36. Bb7 Rd8 37. Qb6 Rd7 38. Bxd5+ 1-0

[Event "C.to Mondiale U14"]
[Site "Kallithea GRE"]
[Date "2003.11.01"]
[Round "10"]
[White "Rombaldoni, Denis"]
[Black "Leon Hoyos, Manuel"]
[Result "0-1"]
[WhiteElo "2131"]
[BlackElo "2303"]
[PlyCount "84"]
[EventDate "2003.10.23"]

1. d4 Nf6 2. c4 c5 3. d5 b5 4. cxb5 a6 5. bxa6 g6 6. Nc3 Bxa6 7. g3 d6 8. Bg2
Bg7 9. Nf3 O-O 10. O-O Nbd7 11. Rb1 Nb6 12. b3 Bb7 13. e4 Ne8 14. Qc2 Nc7 15.
Bb2 Ra7 16. Rfe1 Qa8 17. Nd2 Ba6 18. a4 Rb8 19. Nd1 Bxb2 20. Nxb2 e6 21. dxe6
Nxe6 22. Nf3 Re7 23. Rbd1 Rd8 24. Qc3 Bb7 25. Qf6 Ree8 26. Ng5 Nxg5 27. Qxg5
Qa5 28. Re3 Rd7 29. Bh3 Rde7 30. Rxd6 Rxe4 31. Rxe4 Bxe4 32. Qd2 Qa7 33. a5 Na8
34. Nc4 Qb8 35. Qd1 Nc7 36. Ne3 h5 37. a6 Nb5 38. Rd7 Nd4 39. a7 Qb5 40. Rxd4
cxd4 41. Qxd4 Ba8 42. Bd7 Qb7 0-1

[Event "C.to Mondiale U14"]
[Site "Kallithea GRE"]
[Date "2003.11.02"]
[Round "11"]
[White "Ronchetti, Niccolo'"]
[Black "Krivoborodov, Egor"]
[Result "0-1"]
[WhiteElo "2201"]
[BlackElo "2359"]
[PlyCount "120"]
[EventDate "2003.10.23"]

1. e4 c5 2. Nf3 Nc6 3. d4 cxd4 4. Nxd4 g6 5. c4 Bg7 6. Be3 Nf6 7. Nc3 O-O 8.
Be2 d6 9. O-O Re8 10. Rc1 Bd7 11. b3 Nxd4 12. Bxd4 Bc6 13. f3 Nd7 14. Nd5 Bxd5
15. exd5 Bxd4+ 16. Qxd4 Qb6 17. Qxb6 axb6 18. Rc2 Ra3 19. Rf2 Rea8 20. Bf1 Nc5
21. Rcd2 Kf8 22. h4 Ke8 23. Kh2 Kd7 24. Kg3 Na6 25. Bd3 Nb4 26. Bb1 R8a5 27.
Kf4 h6 28. Ke4 b5 29. Kd4 bxc4 30. bxc4 Na6 31. f4 Nc5 32. g4 e6 33. Bc2 f6 34.
Bb3 exd5 35. cxd5 Nxb3+ 36. axb3 Rxb3 37. Rc2 Rbb5 38. g5 Rxd5+ 39. Ke4 hxg5
40. hxg5 fxg5 41. fxg5 Re5+ 42. Kf4 Rf5+ 43. Ke4 Rxf2 44. Rxf2 Rxg5 45. Rb2 b5
46. Kf4 Rf5+ 47. Ke4 Re5+ 48. Kd4 g5 49. Rg2 Ke6 50. Rf2 g4 51. Rg2 Kf5 52.
Rf2+ Kg5 53. Rf8 g3 54. Rg8+ Kf4 55. Rf8+ Kg4 56. Rg8+ Rg5 57. Ra8 g2 58. Ra1
Kg3 59. Ke3 Re5+ 60. Kd4 Kh2 0-1